Statistics for World Capitals Closest to Manila

Click here to take the quiz!

General Stats

  • This quiz has been taken 148 times
  • The average score is 9 of 15

Answer Stats

kmCapitalmile% Correct
1160Taipei721
87%
2786Jakarta1731
85%
2208Bangkok1372
80%
2853Beijing1773
79%
2464Kuala Lumpur1531
79%
2392Singapore1486
79%
1752Hanoi1089
78%
2624Seoul1630
66%
1775Phnom Penh1103
58%
1994Vientiane1239
52%
1266Bandar Seri Begawan786
50%
2623Dili1630
42%
2757Pyongyang1713
37%
2691Naypyidaw1672
34%
1684Ngerulmud1046
24%

Score Distribution

Percentile by Number Answered

Percent of People with Each Score

Your Score History

You have not taken this quiz